LA HACIENDAD DE HUEYAPAN 1550-1936

Guardado en:
Detalles Bibliográficos
Autor principal: Boortein Couturier, Edith (autor)
Formato: Libro
Etiquetas: Agrega una etiqueta
Sin etiquetas, Sé el primero en etiquetar este registro!

MARC

LEADER 00000nam^a2200000^a^4500
001 000203892
005 20250521000000.0
009 20260310103028.963
035 |a 024186 
037 |a Acervo Xavier Clavigero 
082 |a 932. 4  |b BOO 
100 |a Boortein Couturier, Edith  |e (autor) 
245 1 3 |a LA HACIENDAD DE HUEYAPAN 1550-1936 
264 |a MEXICO :  |b SEP SETENTAS,  |c 1976 
336 |a texto  |b txt  |2 rdacontenido 
337 |a sin mediación  |b n  |2 rdamedio 
338 |a volumen  |b nc  |2 rdasoporte 
649 |a XX 
910 |a Fondo General 
920 |a Impresos - Libros 
930 |a Colección General 
905 |a 101 
901 |a 024186  |b IT1  |c ACC  |i 024186  |u 20250521 
902 |a https://opac.biblio.iteso.mx/vufind/Record/000203892